| 000 | 00841cam a2200289 a 4500 | ||
|---|---|---|---|
| 999 |
_c8123 _d8123 |
||
| 001 | 8123 | ||
| 003 | BD-JhCC | ||
| 005 | 20191214135144.0 | ||
| 008 | 020607s1948 enk | |||| ||eng|d | ||
| 035 | _a(CStRLIN)CSUG2370816-B | ||
| 035 | _a(BD-JhCC)8123 | ||
| 035 | _a1125749 | ||
| 040 |
_aBD-JhCC _dBD-JhCC |
||
| 041 | _aeng | ||
| 082 |
_bNEW 1948 _a758 |
||
| 100 | 1 |
_aNewton, Eric, _d1893-1965. |
|
| 245 | 0 | 0 |
_aBritish painting / _cby Eric Newton. |
| 250 | _aRev. ed. | ||
| 260 |
_aLondon ; _aNew York : _bPublished for the British Council by Longmans, Green, _c1948. |
||
| 300 |
_a42p, [8] leaves of plates ; _c22cm. |
||
| 490 | 1 |
_aBritish life and thought ; _vno. 21 |
|
| 504 | _aBibliography: p. 41-42. | ||
| 650 | 0 | _aPainting, British. | |
| 830 | 0 |
_aBritish life and thought ; _vno. 21. |
|
| 942 |
_2ddc _cBK |
||